export_success — 

Maritime terrorism in the Straits of Malacca and Singapore /

Saved in:
Bibliographic Details
Main Author: Kim Jixian.
Format: Manuscript
Language:English
Published: 2005 Apr. 4.
Subjects:
Tags: Add Tag
No Tags, Be the first to tag this record!
LEADER 01149ntm a2200337 a 4500
001 009710475-2
005 20051018104306.0
008 050711s2005 xx b bm 000|0 eng d
035 0 |a ocm62515172 
040 |a MH-L  |c MH-L 
043 |a a-si---  |a a-my---  |a a-io--- 
050 4 |a K5256  |b .K56x 2005 
100 1 |a Kim Jixian. 
245 1 0 |a Maritime terrorism in the Straits of Malacca and Singapore /  |c Jixian Kim. 
246 3 |a Harvard Law School thesis  |5 law 
260 |c 2005 Apr. 4. 
300 |a 32 leaves :  |b maps ;  |c 28 cm. 
500 |a Printout. 
500 |a Caption title. 
500 |a "Course: Terrorism in the 21st Century." 
502 |a Thesis (LL. M.)--Harvard Law School, 2005. 
504 |a Includes bibliographical references. 
650 0 |a Terrorism  |z Singapore Strait  |x Prevention. 
650 0 |a Terrorism  |z Malacca, Strait of  |x Prevention. 
650 0 |a Shipping  |x Security measures  |z Singapore Strait. 
650 0 |a Shipping  |x Security measures  |z Malacca, Strait of. 
650 0 |a Marine terminals  |z Singapore. 
650 0 |a Marine terminals  |z Malaysia. 
650 0 |a Marine terminals  |z Indonesia. 
988 |a 20050711 
906 |0 MH